[Event "4NCL 2017-18"]
[Site "England ENG"]
[Date "2018.05.05"]
[Round "9.48"]
[White "Head, Louise"]
[Black "Pein, Malcolm"]
[Result "0-1"]
[WhiteTitle "WFM"]
[BlackTitle "IM"]
[WhiteElo "2101"]
[BlackElo "2346"]
[WhiteTeam "Grantham Sharks"]
[BlackTeam "Wood Green"]
[WhiteFideId "424773"]
[BlackFideId "400289"]
[EventDate "2017.11.11"]

1. d4 Nf6 2. c4 g6 3. Nc3 d5 4. cxd5 Nxd5 5. Bd2 Bg7 6. e4 Nb6 7. Be3 O-O 8. Qd2
Nc6 9. Rd1 e5 10. d5 Nd4 11. f3 f5 12. f4 fxe4 13. fxe5 Nf5 14. e6 c6 15. Bg5 e3
16. Bxe3 cxd5 17. Bg5 Qd6 18. Nxd5 Qxe6+ 19. Be2 Nd4 20. Nc7 Qf7 21. Bf4 Nc2+
22. Qxc2 Qxf4 23. Nf3 Rb8 24. O-O Qe3+ 25. Kh1 Bf5 26. Qd2 Qxd2 27. Rxd2 Rfd8
28. Nb5 Rxd2 29. Nxd2 Be6 30. b3 Rc8 31. Bf3 Rc2 32. Ne4 Rxa2 33. Nc5 Bd5 34.
Nxb7 Bxf3 35. gxf3 Nd5 36. Rd1 Nf4 37. Nd8 Nh3 38. Re1 Bf6 39. Nc6 Bg5 40. Nbxa7
Bf4 41. Re8+ Kf7 0-1

[Event "4NCL 2017-18"]
[Site "England ENG"]
[Date "2018.05.05"]
[Round "9.51"]
[White "Gordon, Stephen J"]
[Black "Greet, Andrew N"]
[Result "1-0"]
[WhiteTitle "GM"]
[BlackTitle "IM"]
[WhiteElo "2529"]
[BlackElo "2442"]
[WhiteTeam "3Cs"]
[BlackTeam "Alba"]
[WhiteFideId "411477"]
[BlackFideId "405817"]
[EventDate "2017.11.11"]

1. Nf3 d5 2. g3 Nf6 3. Bg2 e6 4. O-O c5 5. c4 dxc4 6. Na3 Nc6 7. Nxc4 Be7 8. b3
O-O 9. Bb2 Bd7 10. d4 Qc7 11. Rc1 Rfd8 12. dxc5 Bxc5 13. Qc2 Be8 14. Nce5 Bd6
15. Qb1 Qe7 16. Nxc6 Bxc6 17. Ng5 Bxg2 18. Bxf6 Qxf6 19. Qxh7+ Kf8 20. Qh4 Qh6
21. Kxg2 Qxh4 22. gxh4 Rac8 23. Rfd1 Rxc1 24. Rxc1 Ke7 25. e3 Rh8 26. Rc4 b5 27.
Rc6 Bb8 28. f4 Rxh4 29. Rc8 Bd6 30. Kg3 Rh5 31. h4 f6 32. Ne4 Rd5 33. Ra8 Bc5
34. Nxc5 Rxc5 35. Rxa7+ Kf8 36. Ra5 Rc2 37. a3 b4 38. axb4 Rc3 39. Ra8+ Kf7 40.
Kf3 Rxb3 41. Rb8 Kg6 42. b5 Kf5 43. b6 e5 44. fxe5 Kxe5 45. b7 Kf5 46. h5 Kg5
47. Ke4 f5+ 48. Kd5 Rb6 49. Ke5 Rb3 50. h6 Rb5+ 51. Kd6 Kg6 52. Kc6 1-0

[Event "4NCL 2017-18"]
[Site "England ENG"]
[Date "2018.05.05"]
[Round "9.52"]
[White "Sreeves, Clement"]
[Black "Horton, Andrew P"]
[Result "0-1"]
[WhiteTitle "FM"]
[BlackTitle "FM"]
[WhiteElo "2389"]
[BlackElo "2403"]
[WhiteTeam "Alba"]
[BlackTeam "3Cs"]
[WhiteFideId "2402564"]
[BlackFideId "424269"]
[EventDate "2017.11.11"]

1. Nf3 Nf6 2. c4 e6 3. g3 a6 4. Nc3 d5 5. cxd5 exd5 6. Bg2 Be7 7. O-O O-O 8. d4
Re8 9. Bg5 h6 10. Bxf6 Bxf6 11. b4 Bg4 12. e3 c6 13. Qd3 Nd7 14. Nd2 Nb6 15.
Rfc1 Nc8 16. a4 Nd6 17. b5 Bf5 18. Qf1 axb5 19. axb5 Rxa1 20. Rxa1 c5 21. Nxd5
cxd4 0-1

[Event "4NCL 2017-18"]
[Site "England ENG"]
[Date "2018.05.05"]
[Round "9.53"]
[White "Ashton, Adam G"]
[Black "Berry, Neil"]
[Result "1-0"]
[WhiteTitle "FM"]
[BlackTitle "FM"]
[WhiteElo "2364"]
[BlackElo "2265"]
[WhiteTeam "3Cs"]
[BlackTeam "Alba"]
[WhiteFideId "410110"]
[BlackFideId "2400650"]
[EventDate "2017.11.11"]

1. e4 e5 2. Nf3 Nc6 3. Bb5 a6 4. Ba4 Nf6 5. O-O Be7 6. Re1 b5 7. Bb3 d6 8. c3
O-O 9. h3 Nb8 10. d4 Nbd7 11. Nbd2 Bb7 12. Bc2 Re8 13. b3 Bf8 14. d5 c6 15. c4
a5 16. Nf1 bxc4 17. bxc4 Nc5 18. Ba3 Nfd7 19. Ne3 Qc7 20. Nd2 Rec8 21. Nb3 cxd5
22. Nxc5 Nxc5 23. cxd5 Ba6 24. Rc1 Qd8 25. Bxc5 Rxc5 26. Ba4 Rac8 27. Bc6 Rxc1
28. Qxc1 Rb8 29. Qc2 Qb6 30. Rc1 g6 31. Nc4 Qc5 32. Nd2 Qxc2 33. Rxc2 Rb4 34. a3
Rb8 35. Nc4 Rb1+ 36. Kh2 Rb3 37. a4 Bxc4 38. Rxc4 Rb8 39. Bb5 Be7 40. Rc6 Ra8
41. Kg3 Ra7 42. Kf3 h5 43. g3 Kg7 44. Ke3 h4 45. gxh4 Kh6 46. f4 exf4+ 47. Kxf4
Kh5 48. e5 dxe5+ 49. Kxe5 Bxh4 50. d6 Rd7 51. Rc3 Rd8 52. d7 Be7 53. Rf3 f5 54.
Ke6 Bg5 55. Rc3 f4 56. Kf7 Bh4 57. Be2+ Kh6 58. Bg4 Rh8 59. Rc8 Rd8 60. Rc6 f3
61. Rxg6+ Kh7 62. Bf5 f2 63. Re6+ Kh8 64. Rh6# 1-0

[Event "4NCL 2017-18"]
[Site "England ENG"]
[Date "2018.05.05"]
[Round "9.54"]
[White "McKay, Roderick M"]
[Black "Longson, Alexander"]
[Result "1-0"]
[WhiteTitle "IM"]
[BlackTitle "FM"]
[WhiteElo "2312"]
[BlackElo "2331"]
[WhiteTeam "Alba"]
[BlackTeam "3Cs"]
[WhiteFideId "2400049"]
[BlackFideId "408093"]
[EventDate "2017.11.11"]

1. d3 d5 2. f4 Nf6 3. Nf3 g6 4. g3 Bg7 5. Bg2 O-O 6. O-O c5 7. Qe1 d4 8. Na3 Nc6
9. e4 dxe3 10. Bxe3 Nd5 11. c3 b6 12. Rd1 Nxe3 13. Qxe3 Bb7 14. h4 e6 15. h5 Ne7
16. hxg6 hxg6 17. Nc4 Qc7 18. Rfe1 Rad8 19. Qf2 b5 20. Nce5 f6 21. Ng4 e5 22.
fxe5 fxe5 23. Qe3 Nf5 24. Qg5 e4 25. dxe4 Rxd1 26. Rxd1 Bxe4 27. Nfe5 Bxg2 28.
Rd7 Qb6 29. Nxg6 c4+ 30. Kh2 Be4 31. Nxf8 Kxf8 32. Qf4 Bc2 33. Rd5 Qe6 34. Ne3
Qe8 35. Nxc2 Qe2+ 36. Kg1 Qxc2 37. Qxf5+ 1-0

[Event "4NCL 2017-18"]
[Site "England ENG"]
[Date "2018.05.05"]
[Round "9.55"]
[White "Congiu, Mathilde"]
[Black "Olson, Hamish"]
[Result "1-0"]
[WhiteTitle "WIM"]
[WhiteElo "2229"]
[BlackElo "2233"]
[WhiteTeam "3Cs"]
[BlackTeam "Alba"]
[WhiteFideId "634581"]
[BlackFideId "2404257"]
[EventDate "2017.11.11"]

1. e4 e5 2. Nf3 Nc6 3. Bc4 Nf6 4. d3 Be7 5. O-O O-O 6. a4 d6 7. a5 a6 8. Re1 Be6
9. Nc3 h6 10. Nd5 Qd7 11. c3 Bxd5 12. exd5 Na7 13. Bb3 c6 14. dxc6 Nxc6 15. Bc2
Bd8 16. d4 e4 17. Bxe4 Nxe4 18. Rxe4 Nxa5 19. d5 b5 20. Nd4 Bb6 21. b3 Rfe8 22.
Rxe8+ Qxe8 23. Be3 Qe4 24. Nf5 Bxe3 25. Nxe3 Nb7 26. b4 a5 27. Qe2 Qe8 28. g3
Rc8 29. bxa5 Ra8 30. Qg4 Rxa5 31. Rxa5 Nxa5 32. Nf5 Qe1+ 33. Kg2 Qe5 34. Nxh6+
Kh7 35. Nxf7 Qxd5+ 36. Qf3 Qxf3+ 37. Kxf3 Nb7 38. Ng5+ Kg6 39. Ne6 d5 40. Nf4+
Kf5 41. Nxd5 g5 42. Ne3+ Ke5 43. Kg4 Nd6 44. Kxg5 Ne4+ 45. Kg6 Nxc3 46. h4 Nd5
47. h5 1-0

[Event "4NCL 2017-18"]
[Site "England ENG"]
[Date "2018.05.05"]
[Round "9.56"]
[White "Burnett, Andrew"]
[Black "Bentley, John L"]
[Result "1/2-1/2"]
[WhiteTitle "FM"]
[WhiteElo "2155"]
[BlackElo "2151"]
[WhiteTeam "Alba"]
[BlackTeam "3Cs"]
[WhiteFideId "2400855"]
[BlackFideId "409901"]
[EventDate "2017.11.11"]

1. d4 Nf6 2. c4 g6 3. Nc3 Bg7 4. e4 d6 5. Be2 O-O 6. Be3 c5 7. dxc5 dxc5 8. Qxd8
Rxd8 9. Bxc5 Nc6 10. Nf3 b6 11. Ba3 Nd7 12. Rd1 Bb7 13. Nd5 Nc5 14. e5 Nxe5 15.
Nxe7+ Kh8 16. Nd5 Na4 17. Nxe5 Bxe5 18. b3 Nc3 19. Bb2 Bxd5 20. Rxd5 Rxd5 21.
cxd5 Re8 22. Bxc3 Bxc3+ 23. Kd1 Kg7 24. Bb5 Re5 25. Bc6 Bb4 26. Rf1 Re4 27. h3
Kf6 28. f4 Rd4+ 29. Kc1 Bd6 30. Kc2 Rxf4 31. Rxf4+ Bxf4 32. Kd3 Ke5 33. Kc4 a5
34. Be8 f6 35. Bf7 Be3 36. Bg8 h6 37. Bf7 h5 38. Bxg6 h4 39. Bf7 Bf2 1/2-1/2

[Event "4NCL 2017-18"]
[Site "England ENG"]
[Date "2018.05.05"]
[Round "9.57"]
[White "Walton, Alan J"]
[Black "Findlay, David John"]
[Result "1/2-1/2"]
[WhiteTitle "CM"]
[WhiteElo "2154"]
[BlackElo "2188"]
[WhiteTeam "3Cs"]
[BlackTeam "Alba"]
[WhiteFideId "409898"]
[BlackFideId "2400278"]
[EventDate "2017.11.11"]

1. d4 d6 2. e4 Nf6 3. Nc3 e5 4. Nf3 exd4 5. Nxd4 g6 6. Bg5 Bg7 7. Qd2 h6 8. Bf4
Nc6 9. Nxc6 bxc6 10. Be2 Be6 11. O-O Nd7 12. Be3 Qb8 13. Rab1 Qb4 14. a3 Qa5 15.
Nb5 Qxd2 16. Nxc7+ Ke7 17. Bxd2 Rab8 18. Nxe6 fxe6 19. b4 Bd4 20. c3 Bb6 21. g3
g5 22. Kg2 a5 23. f4 Rhg8 24. fxg5 hxg5 25. bxa5 Bxa5 26. Rxb8 Nxb8 27. Bh5 Rg7
28. Rb1 Nd7 29. h3 Nc5 30. Bf3 Kf6 31. e5+ Kxe5 32. Bxc6 Ne4 33. Rb5+ d5 34.
Rxa5 Nxd2 35. Bb5 Rc7 36. Ra6 Ne4 37. Rc6 Rf7 38. Bd3 Rf2+ 39. Kg1 Ra2 40. Bxe4 1/2-1/2

[Event "4NCL 2017-18"]
[Site "England ENG"]
[Date "2018.05.05"]
[Round "9.58"]
[White "Bamber, Elaine"]
[Black "Burton, Graham P"]
[Result "0-1"]
[WhiteTitle "WFM"]
[WhiteElo "2102"]
[BlackElo "1979"]
[WhiteTeam "Alba"]
[BlackTeam "3Cs"]
[WhiteFideId "2401428"]
[BlackFideId "470082"]
[EventDate "2017.11.11"]

1. e4 c5 2. b3 e6 3. Nf3 Nf6 4. e5 Nd5 5. Bb2 Be7 6. Nc3 Nxc3 7. Bxc3 Qc7 8. Qe2
Nc6 9. Qe4 Nb4 10. a3 Nd5 11. Bb2 f5 12. Qe2 Nf4 13. Qd1 b6 14. g3 Ng6 15. Bg2
Bb7 16. Qe2 O-O 17. h4 Rac8 18. h5 Nh8 19. d3 b5 20. Rg1 c4 21. dxc4 bxc4 22.
Bd4 cxb3 23. cxb3 Bc5 24. Qc4 Bxf3 25. Bxc5 Bxg2 26. Bd6 Qb7 27. Qf4 Rfe8 28. b4
Nf7 29. Bc5 Qe4+ 30. Qxe4 Bxe4 31. f4 a6 32. Ke2 Red8 33. Rad1 Bd5 34. g4 d6 35.
Bb6 Rc2+ 36. Ke1 Rdc8 37. gxf5 Bc4 38. Rd2 Rxd2 39. Kxd2 exf5 40. e6 Nh6 41. e7
Re8 42. Kc3 d5 43. Bc5 Ng4 44. Kd4 Kf7 45. a4 Nf6 46. b5 axb5 47. a5 b4 48. h6
g6 49. Bxb4 Ng8 50. Ra1 Nxe7 51. Kc5 Rb8 52. Bc3 Ke6 53. a6 Rb5+ 54. Kd4 Nc6+
55. Ke3 Rb3 56. Kd2 Na7 57. Re1+ Kd7 58. Bf6 Nc6 59. Ra1 Rb8 60. Kc3 Ra8 61. Rb1
Bxa6 62. Rb6 Kc7 63. Rb1 Re8 64. Ra1 Bb7 65. Kd3 Re4 66. Bg5 d4 67. Kd2 Nb4 68.
Bf6 Ba6 69. Ra4 d3 70. Bc3 Re2+ 71. Kd1 Nd5 72. Bd2 Kb6 73. Rd4 Kc5 74. Ra4 Bc4
75. Ra7 Re7 76. Ra8 Kd4 77. Ra4 Nc3+ 0-1

[Event "4NCL 2017-18"]
[Site "England ENG"]
[Date "2018.05.05"]
[Round "9.61"]
[White "Hanley, Craig A"]
[Black "Bisby, Daniel L"]
[Result "1-0"]
[WhiteTitle "IM"]
[BlackTitle "FM"]
[WhiteElo "2446"]
[BlackElo "2322"]
[WhiteTeam "Spirit of Atticus"]
[BlackTeam "Cambridge University"]
[WhiteFideId "408514"]
[BlackFideId "404586"]
[EventDate "2017.11.11"]

1. b3 e5 2. Bb2 Nc6 3. e3 Nf6 4. Bb5 Bd6 5. Na3 Na5 6. Be2 a6 7. Nf3 Qe7 8. Nc4
Nxc4 9. bxc4 e4 10. Nd4 Qe5 11. Rb1 Qg5 12. O-O c5 13. f4 Qg6 14. Nb3 O-O 15. d4
exd3 16. Bxd3 Qh6 17. Rf3 g5 18. Rh3 Qg7 19. Bxh7+ Kh8 1-0

[Event "4NCL 2017-18"]
[Site "England ENG"]
[Date "2018.05.05"]
[Round "9.62"]
[White "Hill, Alistair"]
[Black "Lund, D Brett"]
[Result "1/2-1/2"]
[WhiteElo "2197"]
[BlackElo "2235"]
[WhiteTeam "Cambridge University"]
[BlackTeam "Spirit of Atticus"]
[WhiteFideId "432407"]
[BlackFideId "401242"]
[EventDate "2017.11.11"]

1. c4 e5 2. g3 Nc6 3. Nc3 f5 4. Bg2 Nf6 5. d3 Bb4 6. Bd2 Bxc3 7. Bxc3 d6 8. e3
O-O 9. Ne2 Qe8 10. d4 e4 11. b4 d5 12. Nf4 Ne7 13. Qb3 c6 14. h4 dxc4 15. Qxc4+
Ned5 16. Bf1 Qf7 17. Nxd5 Nxd5 18. Bd2 Be6 19. Qc2 Nb6 20. Be2 Rad8 21. O-O Bc4
22. Bxc4 Qxc4 23. Rfc1 Qxc2 24. Rxc2 Rd5 25. Kf1 Nd7 26. a4 a6 27. Rb1 Ra8 28.
Ke2 Kf7 29. f3 Ke6 30. Rf1 Nf6 31. Rfc1 exf3+ 32. Kxf3 h5 33. Be1 Ne4 34. Rb1
Rad8 35. Rb3 R8d7 36. Rb1 g5 37. hxg5 Nxg5+ 38. Kg2 Ne4 39. Bf2 Kf6 40. Rh1 Kg6
41. Rb1 Kg5 1/2-1/2

[Event "4NCL 2017-18"]
[Site "England ENG"]
[Date "2018.05.05"]
[Round "9.63"]
[White "House, Glenn L"]
[Black "Bukojemski, Adam"]
[Result "1/2-1/2"]
[WhiteTitle "FM"]
[WhiteElo "2199"]
[BlackElo "2194"]
[WhiteTeam "Spirit of Atticus"]
[BlackTeam "Cambridge University"]
[WhiteFideId "406228"]
[BlackFideId "1114620"]
[EventDate "2017.11.11"]

1. Nf3 Nf6 2. g3 g6 3. Bg2 Bg7 4. O-O O-O 5. d3 d6 6. e4 e5 7. c3 Re8 8. Re1
Nbd7 9. a4 c6 10. a5 d5 11. Qc2 dxe4 12. dxe4 Nc5 13. Bf1 Bg4 14. Nbd2 Qd7 15.
b4 Na6 16. Bb2 Rad8 17. Rad1 Qc8 18. Qb3 Nh5 19. Be2 h6 20. Nc4 Qe6 21. Rxd8
Rxd8 22. Rd1 Rxd1+ 23. Bxd1 Nf6 24. Nfd2 h5 25. Ne3 Qd7 26. Qc2 Be6 27. Be2 Ng4
28. Nxg4 Bxg4 29. Nc4 Nc7 30. Bxg4 hxg4 31. Bc1 Nb5 32. Be3 f5 33. exf5 gxf5 34.
Bd2 Qe6 35. Ne3 f4 36. Qf5 Qd6 37. Qc8+ Kh7 38. Nc4 Qd3 39. Qxg4 Qb1+ 40. Kg2
Qe4+ 41. Kg1 Qb1+ 42. Kg2 Qe4+ 43. Kg1 Qxc4 44. Qh5+ Kg8 45. Qe8+ 1/2-1/2

[Event "4NCL 2017-18"]
[Site "England ENG"]
[Date "2018.05.05"]
[Round "9.64"]
[White "Spencer, Carl J"]
[Black "Carleton, John J"]
[Result "0-1"]
[WhiteElo "2152"]
[BlackElo "2258"]
[WhiteTeam "Cambridge University"]
[BlackTeam "Spirit of Atticus"]
[WhiteFideId "412171"]
[BlackFideId "401013"]
[EventDate "2017.11.11"]

1. d4 d5 2. c4 e6 3. Nf3 Nf6 4. Bg5 h6 5. Bxf6 Qxf6 6. e3 Nd7 7. Qb3 c6 8. Nc3
a5 9. a3 Be7 10. Bd3 O-O 11. cxd5 exd5 12. O-O Re8 13. e4 dxe4 14. Nxe4 Qf4 15.
Rfe1 a4 16. Qd1 Qc7 17. Rc1 Qd8 18. Bb1 Nf8 19. Ne5 Be6 20. Rc3 Qb6 21. Qh5 Rad8
22. Rg3 Qxd4 23. Nf3 Qxb2 24. Qxh6 Bf5 25. Qh5 Bg6 26. Qh3 Bxe4 27. Bxe4 Bc5 28.
Ng5 Qxf2+ 0-1

[Event "4NCL 2017-18"]
[Site "England ENG"]
[Date "2018.05.05"]
[Round "9.65"]
[White "Ivell, Nicholas W"]
[Black "Lee, Richard W Y"]
[Result "1-0"]
[WhiteElo "2201"]
[BlackElo "2149"]
[WhiteTeam "Spirit of Atticus"]
[BlackTeam "Cambridge University"]
[WhiteFideId "400726"]
[BlackFideId "418781"]
[EventDate "2017.11.11"]

1. e4 e6 2. d4 d5 3. Bd3 dxe4 4. Bxe4 Nf6 5. Bf3 c5 6. Ne2 Nc6 7. Be3 Nd5 8.
Bxd5 Qxd5 9. Nbc3 Qxg2 10. Rg1 Qf3 11. Nb5 cxd4 12. Nc7+ Ke7 13. Bxd4 Rb8 14.
Bc5+ Kf6 15. Ne8+ Ke5 16. Rg5+ f5 17. Bd6+ 1-0

[Event "4NCL 2017-18"]
[Site "England ENG"]
[Date "2018.05.05"]
[Round "9.66"]
[White "Robertson, J Stuart"]
[Black "Jackson, Sheila"]
[Result "1-0"]
[BlackTitle "WGM"]
[WhiteElo "2120"]
[BlackElo "2098"]
[WhiteTeam "Cambridge University"]
[BlackTeam "Spirit of Atticus"]
[WhiteFideId "417114"]
[BlackFideId "402508"]
[EventDate "2017.11.11"]

1. d4 Nf6 2. c4 e6 3. Nc3 Bb4 4. f3 d5 5. a3 Bxc3+ 6. bxc3 Nc6 7. cxd5 exd5 8.
e3 Bf5 9. Ne2 O-O 10. Nf4 Re8 11. Be2 h6 12. g4 Bh7 13. h4 Qd6 14. Kf2 Ne7 15.
a4 Ng6 16. Ng2 c6 17. Ba3 Qe6 18. Qd2 Kh8 19. Rag1 Rad8 20. g5 hxg5 21. hxg5 Nd7
22. Bd3 Kg8 23. Rxh7 Kxh7 24. Nf4 Qxe3+ 25. Qxe3 Rxe3 26. Kxe3 Re8+ 27. Kf2 Nb6
28. a5 Nc4 29. Bb4 b6 30. a6 Rc8 31. Bf5 Re8 32. Nxg6 fxg6 33. Bd7 Rh8 34. Rh1+ 1-0

[Event "4NCL 2017-18"]
[Site "England ENG"]
[Date "2018.05.05"]
[Round "9.67"]
[White "Latham, David"]
[Black "Starley, Robert"]
[Result "0-1"]
[WhiteElo "2102"]
[BlackElo "2081"]
[WhiteTeam "Spirit of Atticus"]
[BlackTeam "Cambridge University"]
[WhiteFideId "428280"]
[BlackFideId "421006"]
[EventDate "2017.11.11"]

1. e4 e5 2. Bc4 Nc6 3. Nf3 Bc5 4. c3 Nf6 5. b4 Bb6 6. d3 a6 7. O-O O-O 8. Bg5 h6
9. Bh4 d6 10. h3 Be6 11. Nbd2 Qe7 12. Qe2 Ba7 13. a4 Bxc4 14. Nxc4 Qe6 15. Bxf6
Qxf6 16. Ne3 Ne7 17. g3 Rfe8 18. Kh2 c6 19. Nh4 Rad8 20. b5 axb5 21. axb5 Bc5
22. bxc6 bxc6 23. Nef5 Nxf5 24. Nxf5 Ra8 25. Qb2 Rab8 26. Qc2 Rb6 27. Rfb1 Rxb1
28. Rxb1 Ra8 29. Kg2 d5 30. f3 Qe6 31. g4 dxe4 32. fxe4 Kh7 33. Rb2 g6 34. Ng3
Ra1 35. Rb1 Qa2 36. Qxa2 Rxa2+ 37. Kf1 Rf2+ 38. Ke1 Rf3 39. Ne2 Rxd3 40. Rb7 Kg7
41. Rc7 Rd6 42. Nc1 Bb6 43. Rb7 Ba5 44. Rb3 Rd4 45. Ke2 Rxe4+ 46. Kd3 Re1 47.
Ra3 Bd8 48. Ne2 Bg5 49. Ra2 Rh1 50. c4 Rxh3+ 51. Kc2 Rh2 52. Kd3 Rg2 53. Ra5 e4+ 0-1

[Event "4NCL 2017-18"]
[Site "England ENG"]
[Date "2018.05.05"]
[Round "9.68"]
[White "York-Andersen, Anna"]
[Black "Ackley, Peter J E"]
[Result "0-1"]
[WhiteElo "1770"]
[BlackElo "2017"]
[WhiteTeam "Cambridge University"]
[BlackTeam "Spirit of Atticus"]
[WhiteFideId "416789"]
[BlackFideId "414824"]
[EventDate "2017.11.11"]

1. e4 g6 2. d4 Bg7 3. Nc3 d6 4. Be3 a6 5. f3 b5 6. Qd2 Nd7 7. h4 h5 8. Nh3 Bb7
9. Ng5 Rc8 10. O-O-O c5 11. dxc5 Nxc5 12. Bd4 Nf6 13. Kb1 O-O 14. g4 e5 15. Bxc5
dxc5 16. Qf2 Qe7 17. gxh5 Nxh5 18. Bh3 Rcd8 19. Bg4 Nf4 20. Ne2 Rxd1+ 21. Rxd1
Rd8 22. Qf1 Bf6 23. Nxf4 exf4 24. Qe2 Kg7 25. Rh1 Qe5 26. c3 Bxg5 27. hxg5 Qxg5
28. Qh2 Bxe4+ 29. fxe4 Qxg4 30. Qh6+ Kf6 31. e5+ Ke6 32. a3 Rd1+ 33. Rxd1 Qxd1+
34. Ka2 Qd5+ 35. Kb1 Qxe5 36. Qh3+ Qf5+ 37. Qxf5+ Kxf5 38. Kc2 Ke4 39. Kd2 g5 0-1

[Event "4NCL 2017-18"]
[Site "England ENG"]
[Date "2018.05.05"]
[Round "9.71"]
[White "Sowray, Peter J"]
[Black "Gormally, Daniel W"]
[Result "1/2-1/2"]
[WhiteTitle "FM"]
[BlackTitle "GM"]
[WhiteElo "2365"]
[BlackElo "2484"]
[WhiteTeam "Barbican 4NCL"]
[BlackTeam "Blackthorne Russia"]
[WhiteFideId "400971"]
[BlackFideId "406465"]
[EventDate "2017.11.11"]

1. Nf3 Nf6 2. c4 e6 3. g3 d5 4. Bg2 Be7 5. O-O O-O 6. b3 b6 7. Bb2 Bb7 8. e3 Na6
9. Nc3 dxc4 10. bxc4 Nc5 11. d4 Nce4 12. Nxe4 Bxe4 13. Ne5 Bxg2 14. Kxg2 c5 15.
Qf3 Qc7 16. d5 Bd6 17. Nc6 Nd7 18. Rad1 e5 1/2-1/2

[Event "4NCL 2017-18"]
[Site "England ENG"]
[Date "2018.05.05"]
[Round "9.72"]
[White "Hunt, Harriet V"]
[Black "Rogers, Jonathan W"]
[Result "1-0"]
[WhiteTitle "IM"]
[BlackTitle "FM"]
[WhiteElo "2439"]
[BlackElo "2302"]
[WhiteTeam "Blackthorne Russia"]
[BlackTeam "Barbican 4NCL"]
[WhiteFideId "403512"]
[BlackFideId "402052"]
[EventDate "2017.11.11"]

1. e4 e6 2. d4 d5 3. Nd2 c5 4. Ngf3 Nc6 5. Bb5 cxd4 6. Nxd4 Bd7 7. Nxc6 bxc6 8.
Bd3 Bd6 9. Qe2 Qb8 10. Nf3 Bf4 11. O-O Ne7 12. c4 O-O 13. e5 Bxc1 14. Raxc1 h6
15. h4 c5 16. cxd5 exd5 17. Rxc5 Bg4 18. Rb5 Qc7 19. Re1 a6 20. Rb3 Rab8 21. Ra3
Rb4 22. Rxa6 Rfb8 23. b3 Nf5 24. Bxf5 Bxf5 25. Qd2 Qc8 26. Rd6 Be4 27. Qf4 Bb1
28. Nd4 Qc3 29. Rd1 Bxa2 30. e6 R4b7 31. Rd7 f6 32. e7 Kf7 1-0

[Event "4NCL 2017-18"]
[Site "England ENG"]
[Date "2018.05.05"]
[Round "9.73"]
[White "Morrison, Graham SCO"]
[Black "Bates, Richard A"]
[Result "1/2-1/2"]
[WhiteTitle "FM"]
[BlackTitle "IM"]
[WhiteElo "2294"]
[BlackElo "2371"]
[WhiteTeam "Barbican 4NCL"]
[BlackTeam "Blackthorne Russia"]
[WhiteFideId "2400090"]
[BlackFideId "403555"]
[EventDate "2017.11.11"]

1. d4 Nf6 2. c4 e6 3. Nf3 Bb4+ 4. Bd2 a5 5. g3 d6 6. Bg2 Nbd7 7. O-O e5 8. Qc2
O-O 9. Be3 Re8 10. a3 exd4 11. Bxd4 Bc5 12. Nc3 Bxd4 13. Nxd4 Nb6 14. Rad1 Qe7
15. Nd5 Nbxd5 16. cxd5 Bg4 17. Qb3 Nd7 18. Qc3 Nc5 19. b4 Na4 20. Qc2 Qd7 21.
Rc1 axb4 22. axb4 Rac8 23. e4 Nb6 24. f4 Bh3 25. Rfe1 Bxg2 26. Kxg2 g6 27. Qd3
Re7 28. Re2 Rce8 29. Nb5 c6 30. dxc6 bxc6 31. Nxd6 Nc8 32. Rd1 Qxd6 33. Qxd6
Nxd6 34. Rxd6 Rxe4 35. Rxe4 Rxe4 36. Rxc6 1/2-1/2

[Event "4NCL 2017-18"]
[Site "England ENG"]
[Date "2018.05.05"]
[Round "9.74"]
[White "Ledger, Andrew J"]
[Black "Moss, Guy"]
[Result "1-0"]
[WhiteTitle "IM"]
[WhiteElo "2369"]
[BlackElo "2160"]
[WhiteTeam "Blackthorne Russia"]
[BlackTeam "Barbican 4NCL"]
[WhiteFideId "400610"]
[BlackFideId "2804620"]
[EventDate "2017.11.11"]

1. c4 Nf6 2. Nf3 c6 3. Nc3 d5 4. e3 Bf5 5. cxd5 cxd5 6. Qb3 Qd7 7. Ne5 Qc7 8.
Bb5+ Nc6 9. Nxc6 bxc6 10. Nxd5 Nxd5 11. Qxd5 Bd7 12. Qf3 e6 13. Bc4 Bd6 14. h3
O-O 15. b3 c5 16. Bb2 Bc6 17. Qh5 e5 18. O-O Kh8 19. d4 cxd4 20. exd4 e4 21.
Rac1 Qd7 22. d5 Bb7 23. f3 e3 24. Bd4 f5 25. Bxe3 Be5 26. Rcd1 Bf6 27. f4 a6 28.
Rfe1 Rae8 29. Bc5 Rxe1+ 30. Rxe1 Rc8 31. Bf2 g6 32. Qd1 Rd8 33. Bd4 Qg7 34. Be5
h6 35. Qd4 Rf8 36. Bxf6 Rxf6 37. Re8+ Kh7 38. d6 Rf7 39. Qe5 Rd7 40. Bg8+ 1-0

[Event "4NCL 2017-18"]
[Site "England ENG"]
[Date "2018.05.05"]
[Round "9.75"]
[White "O'Toole, George E"]
[Black "Ansell, Simon T"]
[Result "1-0"]
[BlackTitle "IM"]
[WhiteElo "2260"]
[BlackElo "2342"]
[WhiteTeam "Barbican 4NCL"]
[BlackTeam "Blackthorne Russia"]
[WhiteFideId "412732"]
[BlackFideId "402141"]
[EventDate "2017.11.11"]

1. e4 e5 2. Nf3 Nc6 3. Bb5 Nge7 4. d4 exd4 5. Nxd4 a6 6. Nxc6 Nxc6 7. Bxc6 dxc6
8. Qxd8+ Kxd8 9. Nc3 Be6 10. Be3 Be7 11. h4 b6 12. h5 Kc8 13. O-O-O Kb7 14. f3
a5 15. g4 a4 16. Kb1 b5 17. Ne2 c5 18. Nf4 Bc8 19. Rd2 Bd6 20. Ng2 Ra6 21. Rhd1
g6 22. Rh1 Re8 23. hxg6 hxg6 24. g5 c4 25. Rh7 Be6 26. Bf4 c3 27. bxc3 Ba3 28.
Ne3 b4 29. c4 Rc6 30. Rd4 Rc5 31. Nd5 Rd8 32. Be5 c6 33. Nf4 Rxe5 34. Rxd8 Rxg5
35. Rh1 Bxc4 36. Rd4 Bb5 37. Rd7+ Kb6 38. Rxf7 Bc4 39. Rf6 Rg3 40. Nxg6 Rg2 41.
Ne5 Bb5 42. Rfh6 b3 43. axb3 axb3 44. cxb3 Rb2+ 45. Ka1 Rxb3 46. Rb1 Rc3 47. Ka2
Bc1 48. Rxc6+ 1-0